[Event "Lignano Sabbiadoro op 5th"]
[Site "Lignano Sabbiadoro"]
[Date "2019.07.28"]
[Round "2"]
[White "Cocconcelli, Lorenzo"]
[Black "Favilli, Edoardo"]
[Result "1-0"]
[WhiteElo "2068"]
[BlackElo "2151"]
[PlyCount "89"]
[EventDate "2019.07.27"]
[EventType "swiss"]
[EventRounds "9"]
[EventCountry "ITA"]
[SourceTitle "CBM 191 Extra"]
[Source "ChessBase"]
[SourceDate "2019.09.30"]
[SourceVersion "1"]
[SourceVersionDate "2019.09.30"]
[SourceQuality "1"]

1. Nf3 d5 2. c4 e6 3. g3 Nf6 4. Bg2 Be7 5. 0-0 0-0 6. b3 b6 7. Bb2 Bb7 8. Ne5 c5 9. d4 cxd4 10. Qxd4 Nc6 11. Nxc6 Bxc6 12. Nc3 Bc5 13. Qd2 Qd6 14. Rfd1 Rad8 15. e3 Qc7 16. cxd5 Nxd5 17. Nxd5 Bxd5 18. Qc3 f6 19. Bxd5 Rxd5 20. Rxd5 exd5 21. b4 Bd6 22. Rd1 Qe7 23. a3 Be5 24. Qb3 Bxb2 25. Qxb2 Rd8 26. Qb3 Qd7 27. e4 Kh8 28. Rxd5 Qc7 29. Rxd8+ Qxd8 30. Qd5 Qc8 31. a4 h6 32. a5 Qc2 33. axb6 axb6 34. b5 Qb2 35. Qc6 Qd4 36. h4 Kh7 37. Kg2 Kh8 38. Qd5 Qb2 39. Qd8+ Kh7 40. Qxb6 g5 41. Qc7+ Kg6 42. hxg5 hxg5 43. Qd7 Qb4 44. Qf5+ Kh5 45. Qh7+ 1-0

[Event "Lignano Sabbiadoro op 4th"]
[Site "Lignano Sabbiadoro"]
[Date "2018.08.05"]
[Round "9"]
[White "Favilli, Edoardo"]
[Black "Medici, Simone"]
[Result "1-0"]
[WhiteElo "2116"]
[BlackElo "2286"]
[PlyCount "125"]
[EventDate "2018.07.29"]
[EventType "swiss"]
[EventRounds "9"]
[EventCountry "ITA"]
[SourceTitle "CBM 185 Extra"]
[Source "ChessBase"]
[SourceDate "2018.07.29"]
[SourceVersion "1"]
[SourceVersionDate "2018.07.29"]
[SourceQuality "1"]

1. e4 e5 2. Nf3 Nf6 3. Nxe5 d6 4. Nf3 Nxe4 5. Nc3 Nf6 6. d4 d5 7. Bg5 Be7 8. Qd2 Ne4 9. Bxe7 Qxe7 10. Nxe4 dxe4 11. Ne5 Nd7 12. Nxd7 Bxd7 13. 0-0-0 0-0-0 14. Bc4 f5 15. Rhe1 Rhe8 16. Re3 Qd6 17. g3 Kb8 18. Ra3 Bc8 19. Qa5 Qb6 20. Qc3 Re7 21. Qe3 Red7 22. c3 Qc6 23. Bb3 Rd6 24. Ba4 Qb6 25. Bb3 a6 26. Ra4 c6 27. Rc4 Be6 28. Rb4 Qc7 29. Bxe6 Rxe6 30. h4 Red6 31. Rc4 Rd5 32. Rc5 g6 33. Rxd5 Rxd5 34. c4 Rd7 35. b3 Ka8 36. Kb2 Qd8 37. Rd2 Qh8 38. Qc3 Qd8 39. Qe3 Rd6 40. a3 Qa5 41. Qc3 Qc7 42. Kc2 Qf7 43. Qe3 Qf8 44. Kb2 h6 45. d5 Qf6+ 46. Qc3 Qd8 47. Qe5 cxd5 48. Rxd5 Qf6 49. Qxf6 Rxf6 50. Kc3 Kb8 51. Kd4 h5 52. Ke5 Rb6 53. b4 Kc7 54. b5 axb5 55. cxb5 Kc8 56. a4 g5 57. hxg5 Rg6 58. Kxf5 Rg8 59. Kxe4 Rh8 60. g6 h4 61. gxh4 Rxh4+ 62. f4 b6 63. g7 1-0

[Event "ITA-ch U14"]
[Site "Courmayeur"]
[Date "2013.07.05"]
[Round "8"]
[White "Favilli, Edoardo"]
[Black "Fox, Jonas1111"]
[Result "1/2-1/2"]
[WhiteElo "1764"]
[BlackElo "1817"]
[PlyCount "50"]
[EventDate "2013.06.30"]
[EventType "swiss"]
[EventRounds "9"]
[EventCountry "ITA"]
[SourceTitle "EXT 2015"]
[Source "ChessBase"]
[SourceDate "2014.11.20"]
[SourceVersion "1"]
[SourceVersionDate "2014.11.20"]
[SourceQuality "1"]

1. e4 e6 2. c4 d5 3. cxd5 exd5 4. exd5 Nf6 5. Bb5+ Bd7 6. Bc4 Bd6 7. Nf3 0-0 8. 0-0 Bg4 9. d4 h6 10. h3 Bh5 11. Nc3 Nbd7 12. Be3 Nb6 13. Be2 Nbxd5 14. Nxd5 Nxd5 15. Nd2 Bg6 16. Nc4 Re8 17. Bf3 c6 18. Bxd5 cxd5 19. Nxd6 Qxd6 20. Qd2 Rac8 21. Rac1 Be4 22. Bf4 Qa6 23. a3 Qb6 24. Rfe1 Qg6 25. Bg3 h5 1/2-1/2